000 00730cam a2200253 4500
008 090401t1989 xxu||||| |||| 00| 0 eng d
020 _a1870308409
035 _a(Sirsi) u2928
041 _aeng
050 _a721.0212
245 _aArchitects` working details.
260 _aLondon
_bEMAP Construct
_c1989
300 _a159p. : ill. ; 30cm.
350 _a15.95
490 _aArchitects' Working Details
_v1
520 _aReprinted from Architects Journal. Volume 1.
650 _aARCHITECTS WORKING DETAILS
650 _aARCHITECTURAL DETAILS
650 _aWORKING DETAILS
690 _aBUILT ENVIRONMENT-CONSTRUCTION DESIGN
700 _aJenkins, D. & Dezart, L.,
_xEditor
942 _n0
948 _c04/03/1997
999 _c85836
_d85836